• 首页
  • 本馆介绍
  • 公告通知
  • 最新文献
  • 馆藏检索
  • 电子资源
  • 读者导购
  • 参考咨询
  • 我的图书馆
  • 登录
  • 详细信息显示
  • 放入我的书架
  • 预约/预借图书
  • 作者相关作品
  • 分类相关作品
  • 丛书相关作品
  • 出版社相关作品

书目信息

  • 表格格式
  • 工作单格式
  • 卡片格式
题名:
通胀时代的生存智慧
    
 
作者: 彭征 著
分册:  
出版信息: 北京   新世界出版社  2012
页数: 240页
开本: 25cm
丛书名:
单 册:
中图分类: F113.7
科图分类:
主题词: 泡沫经济--研究--世界 , 泡沫经济
电子资源:
ISBN: 978-7-5104-2331-4
000 01020nam0 22002411 450
001 519
005 20140908151335.06
010    @a978-7-5104-2331-4@dCNY32.00
100    @a20120515d2012 em y0chiy50 ea
101 0  @achi
102    @aCN@b110000
105    @ay z 000yy
106    @ar
200 1  @a通胀时代的生存智慧@ATong Zhang Shi Dai De Sheng Cun Zhi Hui@f彭征著@FPeng Zheng Zhu
210    @a北京@c新世界出版社@d2012
215    @a240页@d25cm
330    @a本书讲述了在吃、穿、住、用、行大行其道的今天,中国的经济发展和社会结构都进入了快速发展而深度调整的关键阶段,而社会各阶层间利益矛盾和贫富差距却不断加深,房产泡沫、农产品价格泡沫、艺术收藏品、网络泡沫逐渐显现。在本书中,作者从一些小故事、时尚话题中为我们剖析了危机背后的真相,要我们以一颗平常心来应对各种泡沫危机的发生,让我们读懂如何在经济危机中成为赢家。
606 0  @a泡沫经济@x研究@y世界
606 0  @a泡沫经济
690    @aF113.7@v5
701  0 @a彭征@APeng Zheng@g(管理学)@4著
801  0 @aCN@bTANGWEI@c20140603
905    @b0837057-59@dF113.7@e162@f3
    
    通胀时代的生存智慧/彭征著.-北京:新世界出版社,2012
    240页;25cm
    
    
    ISBN 978-7-5104-2331-4:CNY32.00
    本书讲述了在吃、穿、住、用、行大行其道的今天,中国的经济发展和社会结构都进入了快速发展而深度调整的关键阶段,而社会各阶层间利益矛盾和贫富差距却不断加深,房产泡沫、农产品价格泡沫、艺术收藏品、网络泡沫逐渐显现。在本书中,作者从一些小故事、时尚话题中为我们剖析了危机背后的真相,要我们以一颗平常心来应对各种泡沫危机的发生,让我们读懂如何在经济危机中成为赢家。
●
相关链接 在E读中查询图书 在五车中查询图书 在当当中查询图书 在豆瓣中查询图书


正题名:通胀时代的生存智慧     索取号:F113.7/162         预约/预借

序号 登录号 条形码 馆藏地/架位号 状态 备注
1 0837057   208370573   第一样本阅览室/ [索取号:F113.7/162] 在馆    
2 0837058   208370582   第一借阅区/ [索取号:F113.7/162] 在馆    
3 0837059   208370591   密集书库-海洋学院/ [索取号:F113.7/162] 在馆    
唐山师范学院图书馆 欢迎您!
大连网信软件有限公司© 版权所有